LEADER 02953oam 22005775 450 001 9910779853203321 005 20200520144314.0 010 $a0-8213-9919-5 024 7 $a10.1596/978-0-8213-9918-7 035 $a(CKB)2550000001106746 035 $a(EBL)1336260 035 $a(OCoLC)857061074 035 $a(SSID)ssj0000949763 035 $a(PQKBManifestationID)12318696 035 $a(PQKBTitleCode)TC0000949763 035 $a(PQKBWorkID)11004764 035 $a(PQKB)11628126 035 $a(MiAaPQ)EBC1336260 035 $a(Au-PeEL)EBL1336260 035 $a(CaPaEBR)ebr10740789 035 $a(CaONFJC)MIL507108 035 $a(The World Bank)17783511 035 $a(US-djbf)17783511 035 $a(EXLCZ)992550000001106746 100 $a20130619d2013 uf 0 101 0 $aeng 135 $aurcn||||||||| 181 $2rdacontent 182 $2rdamedia 183 $2rdacarrier 200 00$aBiennial report on operations evaluation $eassessing the monitoring and evaluation systems of IFC and MIGA 210 1$aWashington D.C. :$cWorld Bank,$d2013. 215 $a1 online resource (pages cm) 225 1 $aIndependent Evaluation Group Studies 300 $aDescription based upon print version of record. 311 $a0-8213-9918-7 311 $a1-299-75857-6 320 $aIncludes bibliographical references. 327 $aAbbreviations -- Acknowledgments -- Overview -- Management response -- Management action record -- Chairperson's summary : committee on development effectiveness -- Statement by the external expert panel -- Context and evaluation framework -- Monitoring and evaluation in IFC and MIGA -- Use and influence of monitoring and evaluation in IFC and MIGA -- Effectiveness and efficiency of monitoring and evaluation systems -- Main findings and recommendations -- Findings -- Recommendations -- Appendix B: IEG criteria for assessing the M&E quality for advisory -- Appendix C: Electro -- Boxes -- Tables -- Figures -- Appendixes. 330 $aThe development paradigm has shifted toward private investment, and the private sector has become central in development strategies. There is much to be learned about how to effectively facilitate and mobilize private sector contributions to development. Effective monitoring and evaluation (M and E) systems are critical for learning to catalyze private sector development.In line with this advance, the International Finance Corporation and the Multilateral Investment Guarantee Agency are developing and refining their M and E efforts. In this Biennial Report on Operations Evaluation, the Indepen 410 0$aWorld Bank e-Library. 606 $aEconomic development 615 0$aEconomic development. 676 $a332.1/53 712 02$aWorld Bank. 801 0$bDLC 801 1$bDLC 906 $aBOOK 912 $a9910779853203321 996 $aBiennial report on operations evaluation$93736134 997 $aUNINA LEADER 05739nam 2200829Ia 450 001 9910974159903321 005 20250204203628.0 010 $a9781283644549 010 $a1283644541 010 $a9781118350751 010 $a1118350758 010 $a9781118350737 010 $a1118350731 035 $a(CKB)2670000000261633 035 $a(EBL)1037090 035 $a(OCoLC)815392085 035 $a(SSID)ssj0000721079 035 $a(PQKBManifestationID)12341960 035 $a(PQKBTitleCode)TC0000721079 035 $a(PQKBWorkID)10687246 035 $a(PQKB)11467296 035 $a(MiAaPQ)EBC1037090 035 $a(Au-PeEL)EBL1037090 035 $a(CaPaEBR)ebr10608642 035 $a(CaONFJC)MIL395704 035 $a(MiAaPQ)EBC7103572 035 $a(Au-PeEL)EBL7103572 035 $a(PPN)203367839 035 $a(FR-PaCSA)88839108 035 $a(FRCYB88839108)88839108 035 $a(Perlego)1010696 035 $a(EXLCZ)992670000000261633 100 $a20050901d2012 uy 0 101 0 $aeng 135 $aur|n|---||||| 181 $ctxt 182 $cc 183 $acr 200 10$aLecture notes$iEmergency medicine /$fChris Moulton, David Yates 205 $a4th ed. 210 $aMalden, MA ;$aOxford [U.K.] $cBlackwell$dc2012 215 $a1 online resource (458 p.) 225 1 $aLecture Notes 300 $aIncludes index. 311 08$a9781444336665 311 08$a1444336665 327 $aTitle page; Copyright page; Contents; Preface to the fourth edition; Preface to the second edition; Preface to the first edition; 1: What every emergency physician must know; What to do in an emergency; A - Airway; B - Breathing; C - Circulation; D - Disability; E - Environment and exposure; F - Fits; G - Glucose; H - History; I - Immediate analgesia and investigations; Further management in the ED; How much history, how much examination?; Investigations; Definitive care; Homelessness; Prehospital care; Major incidents; Sedation and general anaesthesia 327 $aPreparation for sedation and selection of patientsFacilities for the administration of sedation or general anaesthesia; Conditions during the period of sedation; Assessment of the level of sedation; Drugs for sedation in the ED; Discharge of patients who have received sedative drugs in the ED; 2: Major trauma and multiple injuries; Epidemiology; Trauma care; Preparation for reception of trauma victims; The primary survey and resuscitation phase (initial assessment and management); The secondary survey (further assessment); The chain of care; Primary survey and resuscitation; Airway; Breathing 327 $aCirculationDisability; Exposure; Further care of the trauma patient; The secondary survey; Investigations in trauma; Further assessment of the abdomen in multiple trauma; Definitive care of the trauma patient; Special situations; Blast injuries; Drowning; Suffocation and asphyxiation; Paediatric trauma; Trauma in pregnancy; Other aspects of trauma care; Bereaved relatives; Trauma scores; 3: Head injuries; Biomechanics and brain injury; The patient with a depressed level of consciousness; Immediate assessment and management; Further assessment and management; Management of specific problems 327 $aGuidelines for neurosurgical consultationThe ambulant patient with a head injury; History; Assessment; Imaging; Patients at risk of developing complications after a head injury; Ambulant patients with head injuries who are not obviously at risk; Advice to discharged patients ('head injury instructions'); Head injuries in children; Specific injuries; Fracture of the vault of the skull; Compound fracture of the skull; Depressed fracture of the skull; Fracture of the base of the skull; Aerocele; Extradural haematoma; Acute subdural haematoma; Chronic subdural haematoma; Subarachnoid haemorrhage 327 $aCerebral contusionsTransient complications after minor head injury; Prolonged symptoms after apparently minor traumatic brain injury; Radiology of the skull; 4: The neck and the back; Immediate assessment and management; Injury to the spinal cord; Initial management of spinal cord injury; Special problems that may accompany injury to the spinal cord; Localisation of spinal cord damage; Delayed improvement or deterioration after spinal cord injury; Cord syndromes; Imaging and clearance of the spine in trauma; Radiographs of the cervical spine; Radiographs of the thoracolumbar spine 327 $aClearance of the spine 330 $aEmergency Medicine Lecture Notes provides all the necessary information, within one short volume, for a sound introduction to this core specialty area. Presented in a user-friendly format, combining readability with flowcharts and high-quality illustrations, this fourth edition has been thoroughly revised to reflect recent advances in the field of emergency medicine. For this new edition, Emergency Medicine Lecture Notes features: Illustrations and flow charts in a two colour presentation throughout More detail on imaging, diagnosis and management of a wid 410 0$aLecture notes on. 517 3 $aEmergency medicine 606 $aCritical care medicine$vOutlines, syllabi, etc 606 $aEmergency medicine$vOutlines, syllabi, etc 608 $aOutlines and syllabi.$2fast 615 0$aCritical care medicine 615 0$aEmergency medicine 676 $a616.02/5 676 $a616.025 700 $aMoulton$b Chris$01798645 701 $aMoulton$b Chris$01798645 701 $aYates$b David W$01798646 801 0$bMiAaPQ 801 1$bMiAaPQ 801 2$bMiAaPQ 906 $aBOOK 912 $a9910974159903321 996 $aLecture notes$94341519 997 $aUNINA